000 00612nam a2200229Ia 4500
003 OSt
005 20220928103937.0
006 a|||||r|||| 00| 0
007 ta
008 220927b |||||||| |||| 00| 0 eng d
024 _a52118
037 _cTextual
040 _aSDCL
_cSDCL
_beng
041 _2eng
_aeng
082 _aP15v, L4
100 _aSharma Devi Dutt
_9407644
245 0 _aSanskrit ka atihasik evam serachnatamak.
260 _aChandighar
_bHariyana Hindi Granth
_c1974
300 _a249p.
_ccm.
942 _hP15v, L4
_cTEXL
_2CC
999 _c723168
_d723168